| 000 | 00000nam##2200000za#4500 |
| 001 | 9.699493 |
| 003 | CaOODSP |
| 005 | 20210625000415 |
| 007 | cr ||||||||||| |
| 008 | 150407|2003||||xxc|||||o f|0| 0 eng|d |
| 040 | |aCaOODSP|beng |
| 043 | |an-cn--- |
| 086 | 1 |aR74-9/2003E-PDF |
| 110 | 1 |aCanada.|bIndian and Northern Affairs. |bWater Resources Division. |
| 245 | 10|aHydrologic overview of the North and South Slave regions / |h[electronic resource]|c[by] Shawne A. Kokelj. |
| 260 | |aYellowknife - Northwest Territories : |bIndian and Northern Affairs. |cDecember 2003. |
| 300 | |a50p.|bcoloured maps, graphs, references, tables, photographs |
| 590 | |a15-02-Supp|b2015-02-16 |
| 690 | 07|aHydrology|2gcpds |
| 775 | 08|tAperçu hydrologique des régions de North Slave et de South Slave / |w(CaOODSP)9.643534 |
| 856 | 40|ahttp://publications.gc.ca|qPDF|s1.38 MB|uhttps://publications.gc.ca/collections/collection_2014/aadnc-aandc/R74-9-2003-eng.pdf |